Afrikas Fußballer des Jahres - Statistiken

Allgemein
  • Dieses Quiz wurde 703 mal gespielt
  • Das Durchschnittsergebnis liegt bei 16 aus 25
Antwortstatistiken
Jahr Spieler Verein/e Nation % Korrekt
2017 Mohamed Salah AS Rom/FC Liverpool Ägypten
98%
2018 Mohamed Salah FC Liverpool Ägypten
98%
2019 Saio Mané FC Liverpool Senegal
97%
2015 Pierre-Emerick Aubameyang Borussia Dortmund Gabun
93%
2006 Didier Drogba FC Chelsea Elfenbeinküste
92%
2009 Didier Drogba FC Chelsea Elfenbeinküste
92%
2003 Samuel Eto'o RCD Mallorca Kamerun
89%
2004 Samuel Eto'o RCD Mallorca/FC Barcelona Kamerun
89%
2005 Samuel Eto'o FC Barcelona Kamerun
89%
2010 Samuel Eto'o Inter Mailand Kamerun
89%
2016 Riyad Mahrez Leicester City Algerien
88%
2011 Yaya Touré Manchester City Elfenbeinküste
87%
2012 Yaya Touré Manchester City Elfenbeinküste
87%
2013 Yaya Touré Manchester City Elfenbeinküste
87%
2014 Yaya Touré Manchester City Elfenbeinküste
87%
1995 George Weah Paris Saint-Germain/AC Mailand Liberia
75%
2008 Emmanuel Adebayor FC Arsenal Togo
37%
1996 Nwankwo Kanu Ajax Amsterdam/Inter Mailand Nigeria
19%
1999 Nwankwo Kanu FC Arsenal Nigeria
19%
2001 El Hadji Diouf RC Lens Senegal
11%
2002 El Hadji Diouf RC Lens/FC Liverpool Senegal
9%
2007 Frédéric Kanouté FC Sevilla Mali
9%
1997 Victor Ikpeba AS Monaco Nigeria
6%
1998 Mustapha Hadji Deportivo La Coruna Marokko
3%
2000 Patrick M'Boma Cagliari Calcio/AC Parma Kamerun
2%
Keine übereinstimmenden Quizze gefunden
Verteilung der Resultate
Anzahl Personen mit jedem Resultat
Perzentil nach korrekt beantworteten Fragen
Ihre Resultats-Entwicklung
Sie haben dieses Quiz noch nicht gespielt